| 000 | 00614nam a22001697a 4500 | ||
|---|---|---|---|
| 005 | 20250319142459.0 | ||
| 008 | 240819b ||||| |||| 00| 0 eng d | ||
| 020 | _a9789719806110 | ||
| 082 | _aDFil 320.9599 J829 2017 | ||
| 100 |
_aJoven, Arnel E. _950908 |
||
| 245 |
_aPhilippine politics and governance for senior high school / _cArnel E. Joven. |
||
| 260 |
_aQuezon City : _bC&E Publishing, Inc., _c©2017. |
||
| 300 |
_aviii, 343 pages : _bcolor illustrations ; _c26 cm. |
||
| 500 | _aIncludes glossary, bibliography, and index. | ||
| 650 | 0 |
_aPhilippine _zPolitics and government. _965763 |
|
| 942 |
_2ddc _cDFIL |
||
| 999 |
_c20600 _d20600 |
||